Di las canciones de Mushkaa - Estadísticas

Estadísticas generales
  • Esta prueba ha sido intentada 36 veces
  • La puntuación promedio es 17 de 37
Estadísticas de respuestas
Hint Respuesta % Correcto
- SexeSexy
76%
- habibi
72%
- habibi
72%
- Barras Warras
68%
- Rifle Talibán
68%
- Vaya Liada
68%
- DIABLA
64%
- No m'estima +
64%
- Entre el Fum
60%
- Entre el Fum
60%
- TAS LOKO
60%
- El Disfraz
56%
- El Disfraz
56%
- El mambo
56%
- Sembla Mentida
56%
- Sembla Mentida
56%
- LOEWE
48%
- Señal de Respeto
48%
- SexySensible
48%
- Imperio
44%
- LOS 15
44%
- LOS 15
44%
- Xarnega
44%
- BLESSINGS
40%
- PURR PURR PURR
40%
- NO XDONA
36%
- Bello Bellaco
32%
- Punt De Mira
32%
- Res Kla
32%
- SONIC
32%
- RAFA NADAL
28%
- Atracció Magnètica
24%
- Bandûlera
24%
- TEMPS
24%
- SexySexy
12%
- Tas Loko Mixtape
0%
- Turna Malvada
0%
No se encontraron pruebas coincidentes
Distribución de puntuación
Porcentaje de gente con cada puntuación
Porcentaje por número respondido
Historial de tus puntuaciones
No has intentado esta prueba.